Responses for Show #3830 - Friday, April 6, 2001

Ryan Moore game 3.

Contestants

[<< previous game]

Ross Hooper, a law clerk from New York City, New York

Brad Savage, a law student originally from Columbus, Ohio

Ryan Moore, a dot-com start-up partner from Venice, California (whose 2-day cash winnings total $20,200)

[next game >>]

Jeopardy! Round responses

THE LAST HALF OF THE 20th CENTURY
WORLD OF ANIMATION
IT'S A MYSTERY
LET'S PLAY CHICKEN
SO YOU WANT TO JOIN THE LAPD
WHAT ARE YOU ON?
    $100 1
Henry Kissinger

Ross
    $100 7
silhouettes

Ryan
    $100 12
Agatha Christie

Triple Stumper
    $100 16
Chicken of the Sea

Ross
    $100 23
(Alex: Minute to go.)

21

Brad
    $100 6
on call

Brad
    $200 2
Manuel Noriega

Ryan
    $200 13
Animal Farm

Ryan
    $200 14
The Shadow

Triple Stumper
    $200 17
Burger King

Ryan
    $200 27
balance

Brad
    $200 8
on fire

Brad
    $300 3
Puerto Rico

Ryan
    $300 20
Alice in Wonderland

Ryan
    $300 15
priest

Ross
    $300 24
Foghorn Leghorn

Ross
    $300 28
[The end-of-round signal sounds.]

height

Brad
    $300 9
on the dole

Ryan
    $400 4
(Ross: What is Haiti?)

Dominican Republic

Ross
Triple Stumper
    $400 21
(Brad: What are clay figures?)
(Ryan: What are holograms?)

puppets

RyanBrad
Triple Stumper
    $700 18
(Ryan: What are the Baker Street Investigators?)

the Baker Street Irregulars

Ryan
    $400 25
[Ross did not give the first word of the song; it was accepted without remark.]

"Do The Funky Chicken"

Ross
    $400 10
(Brad: What is on the verge of a nervous breakdown?)

on top

BradRoss
    $500 5
(Ross: Who are the Magyars?)
(Brad: Who are the Macedonians?)

the Turks

BradRoss
Triple Stumper
    $500 22
Croatia (or Yugoslavia)

Ryan
    $500 19
Jonathan Kellerman

Triple Stumper
    $500 26
Super Chicken

Triple Stumper
    $500 11
on the bench

Ross

Scores at the first commercial break (after clue 15):

Ryan Brad Ross
$1,100 -$600 $400

Scores at the end of the Jeopardy! Round:

Ryan Brad Ross
$1,000 -$400 $1,200

Double Jeopardy! Round responses

RELIGIOUS LEADERS
DEM BONES
TV COMMERCIALS
TOPS OF THE WORLD, MA!
(Alex: We'll give you the highest point, you identify the country.)
MESSAGE CENTER
CIRCUS TALK
    $200 3
Ayatollah Khomeini

Ryan
    $200 12
the wrist

Brad
    $200 1
Dockers

Brad
    $200 8
United States

Brad
    $200 28
[The end-of-round signal sounds.]
(Alex: Ross, you just about got yourself out of the hole, but you'll wind up with the third-place prize.)

pigeons

Ryan
    $200 21
a zebra

Brad
    $400 4
Billy Graham

Triple Stumper
    $400 17
the septum

Ryan
    $400 2
(Ross: What is "I Heard It On The Grapevine"?)

"I Heard It Through The Grapevine"

RyanRoss
    $400 9
France

Ryan
    $400 22
Joey

Ross
    $600 5
(Ross: Who is Calvin?)

John Knox

Ross
Triple Stumper
    $600 18
the mandible

Ryan
    $600 11
Isuzu

Ryan
    $600 10
Greece

Brad
    $600 23
(Ross: What is an organ?)
(Ryan: What is a, uh... um...)
...
(Alex: Less than a minute to go, Ross.)

a calliope

RyanRoss
Triple Stumper
    $600 6
Billy Sunday

Ryan
    $800 19
cervical vertebrae

Brad
    $1,000 13
Aaron Burr

Brad
    $800 15
Jamaica

Ryan
    $800 26
Kurt Waldheim

Ross
    $800 27
Clem

Ryan
    $1000 7
Quakers (the Society of Friends)

Triple Stumper
    $1000 20
(Ross: What is calcification?)

ossifying (or ossification)

BradRoss
    $1000 14
Federal Express

Triple Stumper
    $1000 16
Israel

Triple Stumper
    $1000 24
(Brad: Who was Michael?)

Calixto GarcĂ­a

Brad
Triple Stumper
    $1000 25
(Brad: What is hullabaloo?)

ballyhoo

Brad
Triple Stumper

Scores at the end of the Double Jeopardy! Round:

Ryan Brad Ross
$5,400 $1,800 -$200
(lock game)

[wagering suggestions for these scores]

Final Jeopardy! Round responses

20th CENTURY ENTERTAINMENT
BradWhat is Absurdism?
$1,800
RyanWhat is House?
$1,800
"New Wave" ("Nouvelle Vague")

Final scores:

Ryan Brad Ross
$3,600 $0 -$200
3-day champion: $23,800 2nd place: a Costa Caribbean cruise 3rd place: Epson prize package

Game dynamics:

Coryat scores:

Ryan Brad Ross
$6,300 $1,600 -$200
18 R
(including 1 DD),
3 W
(including 1 DD)
13 R
(including 1 DD),
5 W
9 R,
6 W

Combined Coryat: $7,700

[game clues] [game scores] [suggest correction]

Game tape date: 2000-12-13
The J! Archive is created by fans, for fans. Scraping, republication, monetization, and malicious use prohibited; this site may use cookies and collect identifying information. See terms. The Jeopardy! game show and all elements thereof, including but not limited to copyright and trademark thereto, are the property of Jeopardy Productions, Inc. and are protected under law. This website is not affiliated with, sponsored by, or operated by Jeopardy Productions, Inc. Join the discussion at JBoard.tv.